| 000 | 00572nam a22001697a 4500 | ||
|---|---|---|---|
| 999 |
_c521175 _d521175 |
||
| 020 | _a9780670089956 | ||
| 082 | _aO91x54 M377l | ||
| 100 |
_aMashelkar, Raghunath _934616 |
||
| 245 |
_aLeap frogging to Pole -vaulting _cby Raghunath Mashelkar and Ravi Pandit |
||
| 260 |
_aGurugram _bPenguin _c2018 |
||
| 300 | _a346p. | ||
| 650 |
_aPower resources - Economic aspects _934617 |
||
| 650 |
_aPower resources - Economic aspects - India _934618 |
||
| 650 |
_aSustainable development _934619 |
||
| 650 |
_aSustainable development - India _934620 |
||
| 700 |
_aPandit, ravi _934621 |
||